Los convenios de Ginebra del 12 de agosto de 1949 /

Guardado en:
Formato: Libro
Idioma:Spanish
Publicado: Ginebra : CICR, 1986
Materias:
Etiquetas: Agregar Etiqueta
Sin Etiquetas, Sea el primero en etiquetar este registro!
LEADER 00433nam a22001335a 4500
001 DER.der015494
008 251113s1986####|||||||||||||||||#||spa||
005 20251113103200.0
245 1 0 |a Los convenios de Ginebra del 12 de agosto de 1949 /  |c Comité internacional de la Cruz Roja. 
260 |a Ginebra :  |b CICR,  |c 1986 
300 |a 215 p. 
020 |a 2881450660 
650 7 |a DERECHO INTERNACIONAL PUBLICO 
859 |a DERECHO  |b BIB. DERECHO  |h 341  |i CON  |p 001412